[Event "Chigorin Memorial"]
[Site "St Petersburg"]
[Date "2016.10.18"]
[Round "4.45"]
[White "Usmanov, Vasily"]
[Black "Paramzina, Anastasya"]
[Result "1/2-1/2"]
[WhiteElo "2431"]
[BlackElo "2221"]
[PlyCount "105"]
[EventDate "2016.10.15"]
[EventType "swiss"]
[EventRounds "9"]
[EventCountry "RUS"]

1. d4 Nf6 2. c4 e6 3. g3 d5 4. Nf3 dxc4 5. Qa4+ Nbd7 6. Bg2 a6 7. Qxc4 b5 8.
Qc2 Bb7 9. O-O c5 10. a4 Be7 11. Bg5 Rc8 12. axb5 axb5 13. Qd3 c4 14. Qd1 O-O
15. Ne5 Bxg2 16. Kxg2 Nxe5 17. dxe5 Nd5 18. Bxe7 Qxe7 19. e4 Nb4 20. Ra5 Rfd8
21. Qg4 Rc5 22. Nc3 Qe8 23. Rd1 Nd3 24. Qe2 Rxe5 25. b3 b4 26. Rxe5 Nxe5 27.
Na2 cxb3 28. Rxd8 Qxd8 29. Nc1 h5 30. Nxb3 h4 31. Qd2 Qxd2 32. Nxd2 Kf8 33.
gxh4 Ke7 34. f4 Ng6 35. Kg3 Kd6 36. f5 Ne5 37. Kf4 f6 38. h5 exf5 39. Kxf5 Ke7
40. h3 Kf7 41. h4 Ke7 42. Nb3 Nf3 43. h6 gxh6 44. Kg4 Ne5+ 45. Kh5 Nf7 46. Kg6
Ke6 47. Nc5+ Kd6 48. Nb3 Ke6 49. h5 Ne5+ 50. Kxh6 Ng4+ 51. Kg6 Ke5 52. Nd2 Kf4
53. h6 1/2-1/2

[Event "Chigorin Memorial"]
[Site "St Petersburg"]
[Date "2016.10.18"]
[Round "4.46"]
[White "Badelka, Olga"]
[Black "Gusain, Himal"]
[Result "0-1"]
[WhiteElo "2209"]
[BlackElo "2428"]
[PlyCount "112"]
[EventDate "2016.10.15"]
[EventType "swiss"]
[EventRounds "9"]
[EventCountry "RUS"]

1. c4 e6 2. Nf3 d5 3. b3 d4 4. Bb2 c5 5. b4 Nf6 6. d3 b6 7. g3 Bb7 8. Bg2 Bd6
9. O-O O-O 10. Nbd2 Nbd7 11. a4 e5 12. bxc5 bxc5 13. a5 Rb8 14. Qc2 Re8 15. Nh4
Bxg2 16. Nxg2 Bc7 17. Nb3 e4 18. Ba3 exd3 19. exd3 Ne5 20. f4 Ned7 21. Nxc5
Bxa5 22. Rab1 Nxc5 23. Bxc5 Rc8 24. Bb4 Bxb4 25. Rxb4 Nd5 26. Rbb1 Nc3 27. Rbe1
Qb6 28. Nh4 a5 29. Qf2 Re3 30. f5 f6 31. Ng2 Re5 32. Nf4 Rce8 33. Ne6 Rxe1 34.
Rxe1 a4 35. Qf4 Qa7 36. c5 Nb5 37. Rc1 a3 38. Nxd4 Nc3 39. Rxc3 a2 40. Rc1 a1=Q
41. Rxa1 Qxa1+ 42. Kg2 Qc3 43. c6 Re5 44. Kh3 g6 45. fxg6 hxg6 46. Qg4 Kh7 47.
Nf3 Rh5+ 48. Nh4 Qxd3 49. Qf4 g5 50. Qc7+ Kh6 51. Kg2 Qe4+ 52. Kg1 gxh4 53. Qc8
Qe1+ 54. Kg2 h3+ 55. Kf3 Qf1+ 56. Ke4 Re5+ 0-1

[Event "Chigorin Memorial"]
[Site "St Petersburg"]
[Date "2016.10.18"]
[Round "4.47"]
[White "Sarana, Alexey"]
[Black "Obgolts, Erik"]
[Result "1-0"]
[WhiteElo "2427"]
[BlackElo "2217"]
[PlyCount "177"]
[EventDate "2016.10.15"]
[EventType "swiss"]
[EventRounds "9"]
[EventCountry "RUS"]

1. d4 Nf6 2. Nf3 g6 3. c4 Bg7 4. g3 O-O 5. Bg2 c5 6. O-O cxd4 7. Nxd4 Nc6 8.
Nc3 Nxd4 9. Qxd4 d6 10. Qd3 Nd7 11. b3 Nc5 12. Qd2 a5 13. Rb1 Bf5 14. e4 Be6
15. Nd5 Rb8 16. Qe2 Qd7 17. Bd2 b6 18. h4 Rfe8 19. Rfe1 Bd4 20. Bg5 Bg4 21. Qd2
Bg7 22. Nc3 h5 23. Nb5 Qc8 24. Na7 Qd7 25. Nb5 Qc8 26. Nc3 Be6 27. Nd5 Qd7 28.
Bf3 Qa7 29. Nc3 Qb7 30. Bf4 Rbd8 31. Nd5 Bxd5 32. exd5 b5 33. cxb5 Qxb5 34. Be2
Qb6 35. Bc4 Bf6 36. a4 Rb8 37. Bb5 Rec8 38. Bg5 Rc7 39. Be3 Rbc8 40. Rec1 Qa7
41. Rc4 Be5 42. Qe2 Bf6 43. Qe1 Qb6 44. Qd2 Qa7 45. Qc2 Qb6 46. Bc6 Be5 47. b4
axb4 48. Rbxb4 Qa5 49. Kg2 Qa6 50. Kg1 Qa5 51. Rb5 Qa6 52. Qa2 Kg7 53. Bxc5
dxc5 54. Rbxc5 Bd6 55. Rb5 Kh7 56. Qb3 Ra7 57. Qf3 Kg7 58. Qc3+ Kh7 59. Qf3 Kg7
60. Kg2 Rac7 61. Qb3 Kh7 62. Qb2 Qa7 63. a5 Rd8 64. Qc2 Rb8 65. Rxb8 Qxb8 66.
a6 Qb6 67. Ra4 Qa7 68. Qe2 Qb6 69. Bb7 Rxb7 70. axb7 Qxb7 71. Qf3 Kg7 72. Rc4
Be5 73. Qe4 Qb8 74. Rc6 Qb2 75. Rc2 Qb8 76. Re2 Bf6 77. Qc4 Be5 78. Qc5 Bf6 79.
Ra2 Qb1 80. Qc4 Be5 81. Ra8 Qf5 82. Ra7 Qf6 83. Qe4 Bd6 84. Ra4 Bc5 85. Qf3 Qb2
86. Rc4 Bd4 87. Rc7 Qb4 88. Qf4 Bc5 89. Qe5+ 1-0

[Event "Chigorin Memorial"]
[Site "St Petersburg"]
[Date "2016.10.18"]
[Round "4.48"]
[White "Yanchenko, Roman"]
[Black "Petrov, Dmitri"]
[Result "1-0"]
[WhiteElo "2419"]
[BlackElo "2200"]
[PlyCount "65"]
[EventDate "2016.10.15"]
[EventType "swiss"]
[EventRounds "9"]
[EventCountry "RUS"]

1. d4 d5 2. c4 c6 3. Nc3 Nf6 4. cxd5 cxd5 5. Bf4 Nc6 6. e3 a6 7. Nf3 g6 8. Be2
Bg7 9. O-O O-O 10. Rc1 Nh5 11. Be5 f6 12. Bg3 Nxg3 13. hxg3 Be6 14. Na4 Qd6 15.
Nc5 Bc8 16. Qb3 Na5 17. Qc3 b6 18. Nd3 Bg4 19. b3 e5 20. dxe5 fxe5 21. Qb4 Qxb4
22. Nxb4 Rfd8 23. Rfd1 d4 24. e4 b5 25. Nxd4 Rxd4 26. Rxd4 Bxe2 27. Rd6 Bf8 28.
Rxa6 Rxa6 29. Nxa6 b4 30. Nc7 Nb7 31. Ne6 Bd6 32. Rc6 Bg4 33. Nd8 1-0

[Event "Chigorin Memorial"]
[Site "St Petersburg"]
[Date "2016.10.18"]
[Round "4.49"]
[White "Sadovsky, Artem"]
[Black "Reshetnikov, Ruslan"]
[Result "1-0"]
[WhiteElo "2414"]
[BlackElo "2196"]
[PlyCount "47"]
[EventDate "2016.10.15"]
[EventType "swiss"]
[EventRounds "9"]
[EventCountry "RUS"]

1. e4 e6 2. Nf3 d5 3. Nc3 Nf6 4. e5 Nfd7 5. d4 c5 6. dxc5 Nc6 7. Bf4 Bxc5 8.
Bd3 f6 9. exf6 Qxf6 10. Bg5 Qf7 11. O-O O-O 12. Bh4 h6 13. Qe2 a6 14. Rae1 Nf6
15. Ne5 Nxe5 16. Qxe5 Bd7 17. h3 Rae8 18. Kh1 Nh5 19. Qc7 Rc8 20. Qxb7 Nf4 21.
Bg3 Nxg2 22. Kxg2 e5 23. Qxd5 Bc6 24. Be4 1-0

[Event "Chigorin Memorial"]
[Site "St Petersburg"]
[Date "2016.10.18"]
[Round "4.50"]
[White "Orlov, Konstantin"]
[Black "Korchmar, Vasiliy"]
[Result "0-1"]
[WhiteElo "2222"]
[BlackElo "2412"]
[PlyCount "76"]
[EventDate "2016.10.15"]
[EventType "swiss"]
[EventRounds "9"]
[EventCountry "RUS"]

1. d4 Nf6 2. c4 e6 3. Nc3 Bb4 4. Qc2 b6 5. Nf3 Bb7 6. e3 O-O 7. Bd3 c5 8. dxc5
Bxc5 9. O-O Na6 10. a3 Rc8 11. e4 Ne8 12. b4 Be7 13. Rd1 Nd6 14. Qe2 f5 15. e5
Nf7 16. Nb5 Bxf3 17. Qxf3 Nxe5 18. Qe2 Nc7 19. Nxa7 Ra8 20. Nb5 Nxd3 21. Qxd3
Nxb5 22. cxb5 Bf6 23. Ra2 Rc8 24. Bf4 d5 25. Qe2 Qd7 26. a4 d4 27. Be5 d3 28.
Qb2 Rc2 29. Bxf6 Rxb2 30. Bxb2 e5 31. a5 Qxb5 32. a6 Ra8 33. a7 e4 34. Bc3 Qc4
35. Ra3 f4 36. Be5 Qc2 37. Raa1 e3 38. fxe3 fxe3 0-1

[Event "Chigorin Memorial"]
[Site "St Petersburg"]
[Date "2016.10.18"]
[Round "4.51"]
[White "Duzhakov, Ilya"]
[Black "Zlatin, Alexander"]
[Result "1-0"]
[WhiteElo "2411"]
[BlackElo "2182"]
[PlyCount "93"]
[EventDate "2016.10.15"]
[EventType "swiss"]
[EventRounds "9"]
[EventCountry "RUS"]

1. c4 Nf6 2. Nc3 e6 3. e4 d5 4. e5 d4 5. exf6 dxc3 6. bxc3 Qxf6 7. d4 e5 8. Nf3
exd4 9. Bg5 Qe6+ 10. Be2 Be7 11. Bxe7 d3 12. O-O Qxe7 13. Bxd3 O-O 14. Nd4 c6
15. Re1 Qf6 16. Re3 g6 17. Qd2 Na6 18. Rf3 Qg7 19. Re1 Nc5 20. Bf5 Kh8 21. Bxc8
Raxc8 22. Re7 Rcd8 23. Qe1 Rd6 24. g4 Rf6 25. Rg3 Rd6 26. Rf3 Rf6 27. Qe3 Kg8
28. Rg3 Kh8 29. Re8 Ne6 30. Rxf8+ Nxf8 31. c5 g5 32. Nf5 Qg8 33. Qd4 Qg6 34.
Re3 h5 35. Re8 hxg4 36. Rxf8+ Kh7 37. Qd8 Rxf5 38. Rh8+ Kg7 39. Qf8+ Kf6 40.
Rh6 Rd5 41. Qh8+ Kf5 42. Qc8+ Kf6 43. Rxg6+ Kxg6 44. Qxg4 Rxc5 45. Qe4+ Kh6 46.
Qd4 b6 47. Qf6+ 1-0

[Event "Chigorin Memorial"]
[Site "St Petersburg"]
[Date "2016.10.18"]
[Round "4.52"]
[White "Shpartko, Grigory"]
[Black "Pasiev, Rakhim"]
[Result "0-1"]
[WhiteElo "2201"]
[BlackElo "2406"]
[PlyCount "86"]
[EventDate "2016.10.15"]
[EventType "swiss"]
[EventRounds "9"]
[EventCountry "RUS"]

1. Nf3 c5 2. c4 Nc6 3. Nc3 Nf6 4. g3 d5 5. cxd5 Nxd5 6. Bg2 Nc7 7. O-O e5 8. a3
a5 9. a4 Be7 10. d3 O-O 11. Nb5 Be6 12. Ng5 Bd7 13. Ne4 Nxb5 14. axb5 Nd4 15.
Nc3 Rb8 16. f4 Bd6 17. Ne4 Bg4 18. Rf2 exf4 19. gxf4 Be7 20. h3 Bh5 21. Bf1 Bh4
22. Rg2 Nf5 23. Qd2 b6 24. Qc3 c4 25. b3 cxd3 26. Bb2 f6 27. Rd1 Qe7 28. Qc4+
Bf7 29. Qxd3 Rbd8 30. Nxf6+ Bxf6 31. Qxf5 Bxb2 32. Rxd8 Rxd8 33. e4 Bg6 34.
Bc4+ Kh8 35. Rxg6 hxg6 36. Qxg6 Qh4 37. Bd5 Bd4+ 38. Kg2 Qf2+ 39. Kh1 Qf3+ 40.
Kh2 Qxf4+ 41. Kg2 Qf2+ 42. Kh1 Qf1+ 43. Kh2 Be5+ 0-1

[Event "Chigorin Memorial"]
[Site "St Petersburg"]
[Date "2016.10.18"]
[Round "4.53"]
[White "Bublei, Pavel"]
[Black "Shurunov, Andrei"]
[Result "0-1"]
[WhiteElo "2406"]
[BlackElo "2158"]
[PlyCount "86"]
[EventDate "2016.10.15"]
[EventType "swiss"]
[EventRounds "9"]
[EventCountry "RUS"]

1. d4 Nf6 2. c4 e6 3. Nc3 Bb4 4. Bd2 c5 5. e3 Nc6 6. Nf3 d5 7. a3 Bxc3 8. Bxc3
Ne4 9. Rc1 cxd4 10. exd4 O-O 11. Bd3 Nxc3 12. Rxc3 dxc4 13. Bxc4 Ne7 14. O-O b6
15. Ne5 Bb7 16. Qg4 Bd5 17. Bd3 g6 18. Bb1 Rc8 19. Rfc1 Kg7 20. Qf4 Rxc3 21.
Rxc3 Nf5 22. Bxf5 exf5 23. h4 h5 24. Rg3 Be4 25. Kh2 Re8 26. Nc4 Qxd4 27. Nd6
Rd8 28. Nxe4 Qxe4 29. Rxg6+ fxg6 30. Qc7+ Kh6 31. Qxd8 Qe5+ 32. g3 Qxb2 33. Kg2
Kh7 34. Qc7+ Qg7 35. Qb8 Qe7 36. a4 Qe4+ 37. Kh2 Qxa4 38. Qc7+ Kh6 39. Qe5 Qd7
40. Qh8+ Qh7 41. Qb8 Qg7 42. Kg2 Kh7 43. Kg1 Qd7 0-1

[Event "Chigorin Memorial"]
[Site "St Petersburg"]
[Date "2016.10.18"]
[Round "4.54"]
[White "Apryshko, Gleb"]
[Black "Feduk, Viktor"]
[Result "1-0"]
[WhiteElo "2392"]
[BlackElo "2150"]
[PlyCount "69"]
[EventDate "2016.10.15"]
[EventType "swiss"]
[EventRounds "9"]
[EventCountry "RUS"]

1. Nf3 Nf6 2. g3 d5 3. Bg2 Nbd7 4. O-O e5 5. d3 Be7 6. Nbd2 c6 7. e4 dxe4 8.
dxe4 O-O 9. Qe2 Qc7 10. a4 a5 11. b3 b6 12. Bb2 Ba6 13. Nc4 Rfe8 14. Rfe1 Bb4
15. Red1 Bc5 16. h3 b5 17. axb5 cxb5 18. Ncd2 Qb6 19. Bf1 Nh5 20. Kg2 Qg6 21.
Kh2 b4 22. Qe1 Qb6 23. Kg2 Bb7 24. Nc4 Qc7 25. Nxa5 Rxa5 26. Rxa5 Qxa5 27. Rxd7
Qa8 28. Bc4 Rf8 29. Nxe5 Bxe4+ 30. f3 Bg6 31. Nxg6 hxg6 32. Qe5 Bb6 33. Qd6 Qa2
34. Qxg6 Qxb2 35. Rxf7 1-0

[Event "Chigorin Memorial"]
[Site "St Petersburg"]
[Date "2016.10.18"]
[Round "4.55"]
[White "Saveliev, Alexei"]
[Black "Nasybullina, Alfia"]
[Result "1-0"]
[WhiteElo "2392"]
[BlackElo "2149"]
[PlyCount "85"]
[EventDate "2016.10.15"]
[EventType "swiss"]
[EventRounds "9"]
[EventCountry "RUS"]

1. e4 e6 2. d4 d5 3. Nd2 dxe4 4. Nxe4 Nf6 5. Nxf6+ gxf6 6. Nf3 b6 7. Bb5+ c6 8.
Bd3 Bb7 9. Bf4 Bd6 10. Bg3 Qc7 11. Qe2 Nd7 12. O-O-O O-O-O 13. Ba6 Nf8 14. c3
Ng6 15. Bxd6 Rxd6 16. Nd2 Nf4 17. Bxb7+ Kxb7 18. Qf3 Rdd8 19. g3 Nd5 20. c4 Nb4
21. a3 Na6 22. Qxf6 c5 23. d5 Rhe8 24. Rhe1 exd5 25. Rxe8 Rxe8 26. cxd5 c4 27.
Kb1 b5 28. d6 Qd7 29. Nf3 Re6 30. Ne5 Rxf6 31. Nxd7 Re6 32. Nf8 Re8 33. d7 Rd8
34. Nxh7 Nc5 35. Nf6 Nd3 36. h4 a5 37. h5 Kc7 38. h6 Rh8 39. h7 Kd8 40. g4 a4
41. g5 Nf4 42. Re1 Ne6 43. Rxe6 1-0

[Event "Chigorin Memorial"]
[Site "St Petersburg"]
[Date "2016.10.18"]
[Round "4.56"]
[White "Semenenko, Sergey"]
[Black "Ponfilenok, Vladimir"]
[Result "1/2-1/2"]
[WhiteElo "2184"]
[BlackElo "2390"]
[PlyCount "255"]
[EventDate "2016.10.15"]
[EventType "swiss"]
[EventRounds "9"]
[EventCountry "RUS"]

1. d4 e6 2. c4 f5 3. Nc3 Nf6 4. g3 Bb4 5. Bd2 O-O 6. Bg2 d5 7. Qb3 Nc6 8. Nf3
Be7 9. cxd5 exd5 10. O-O Na5 11. Qc2 Nc4 12. Bf4 c6 13. Ne5 Nxe5 14. Bxe5 Ng4
15. e3 g5 16. Ne2 Qe8 17. Bc7 Be6 18. h3 Rc8 19. hxg4 Rxc7 20. gxf5 Rxf5 21. e4
dxe4 22. Bxe4 Rf7 23. d5 Bh3 24. Bg2 Bxg2 25. Kxg2 Bf6 26. d6 Rcd7 27. Rad1 Qe5
28. Nc3 Rxd6 29. Ne4 Rxd1 30. Nxf6+ Rxf6 31. Rxd1 Rd6 32. Rxd6 Qxd6 33. Kg1 Qd5
34. Qa4 a6 35. Qg4 Kg7 36. a3 c5 37. Qc8 h5 38. Qe8 g4 39. Qe7+ Kg6 40. Qe8+
Kf6 41. Qe3 Kf7 42. Qe2 Qd4 43. Qc2 Kf6 44. Qe2 Qe5 45. Qc4 Ke7 46. Qb3 Qe1+
47. Kg2 Qe4+ 48. Kg1 b5 49. Qc3 Qd4 50. Qc2 Qe5 51. Qb1 Kd6 52. Qd3+ Kc6 53.
Qd2 Qd5 54. Qc2 Kb6 55. Qc3 Qd1+ 56. Kg2 Qd4 57. Qc2 Ka5 58. Kh2 b4 59. axb4+
Kxb4 60. Kg2 Qd5+ 61. Kh2 Qc4 62. Qd1 Qd4 63. Qc2 a5 64. Kg2 c4 65. Kh2 Qd3 66.
Qc1 Kb3 67. Qa1 Qd2 68. Qa3+ Kc2 69. Kg2 Qb4 70. Qa2 Kd3 71. Qb1+ Kd4 72. Qd1+
Kc5 73. Qc2 Qb7+ 74. Kg1 Qf3 75. Qa4 Qa8 76. b4+ cxb3 77. Qxb3 Qf3 78. Qc2+ Kb4
79. Qb2+ Qb3 80. Qd2+ Qc3 81. Qd6+ Qc5 82. Qd2+ Kb3 83. Qd1+ Kb2 84. Qd2+ Ka3
85. Qd3+ Kb2 86. Qd2+ Kb3 87. Qd3+ Qc3 88. Qd5+ Kb2 89. Qb5+ Ka1 90. Qa4+ Kb2
91. Qb5+ Kc1 92. Qg5+ Qd2 93. Qc5+ Kd1 94. Qc4 Qe1+ 95. Kg2 Qe5 96. Kg1 Kd2 97.
Qa2+ Kd3 98. Qb1+ Kc4 99. Qa2+ Kb5 100. Qb3+ Kc6 101. Qc4+ Kd6 102. Qa6+ Ke7
103. Qb7+ Kf6 104. Qc6+ Kg5 105. Qc1+ Kg6 106. Qc6+ Kg7 107. Qd7+ Kg6 108. Qc6+
Kh7 109. Qd7+ Kg8 110. Qd8+ Kg7 111. Qd7+ Kf6 112. Qc6+ Kf5 113. Qc2+ Ke6 114.
Qc6+ Ke7 115. Qb7+ Kd8 116. Qb6+ Kc8 117. Qc6+ Qc7 118. Qe8+ Qd8 119. Qc6+ Kb8
120. Qb5+ Ka7 121. Qc5+ Ka6 122. Qc6+ Qb6 123. Qc4+ Qb5 124. Qe6+ Kb7 125. Qe7+
Kb6 126. Qd6+ Qc6 127. Qd4+ Kb7 128. Qg7+ 1/2-1/2

[Event "Chigorin Memorial"]
[Site "St Petersburg"]
[Date "2016.10.18"]
[Round "4.57"]
[White "Tologontegin, Semetey"]
[Black "Drogovoz, Irina"]
[Result "1-0"]
[WhiteElo "2371"]
[BlackElo "2144"]
[PlyCount "66"]
[EventDate "2016.10.15"]
[EventType "swiss"]
[EventRounds "9"]
[EventCountry "RUS"]

1. Nf3 Nf6 2. g3 c5 3. Bg2 g6 4. b3 Bg7 5. Bb2 O-O 6. c4 Nc6 7. O-O d5 8. cxd5
Nb4 9. Qc1 b6 10. d4 Ba6 11. Nc3 Rc8 12. Qd2 Nbxd5 13. Nxd5 Nxd5 14. Rfd1 Nf6
15. Rac1 c4 16. Ne5 cxb3 17. axb3 Rxc1 18. Rxc1 Bb5 19. Qb4 a6 20. Nc6 Bxc6 21.
Rxc6 Nd7 22. e3 Re8 23. Bf1 a5 24. Qb5 Qb8 25. Ba3 Bf8 26. d5 Qb7 27. Bh3 Rb8
28. f4 Nc5 29. Bg2 Qa7 30. Bf1 Ne4 31. Bb2 Bg7 32. Be5 Bxe5 33. fxe5 Qd7 1-0

[Event "Chigorin Memorial"]
[Site "St Petersburg"]
[Date "2016.10.18"]
[Round "4.58"]
[White "Janiashvili, Irakli"]
[Black "Vokhidov, Shamsiddin"]
[Result "0-1"]
[WhiteElo "2171"]
[BlackElo "2366"]
[PlyCount "38"]
[EventDate "2016.10.15"]
[EventType "swiss"]
[EventRounds "9"]
[EventCountry "RUS"]

1. e4 c5 2. Nf3 e6 3. d4 cxd4 4. Nxd4 Nc6 5. Nc3 Qc7 6. Ndb5 Qb8 7. a4 Nf6 8.
Be3 Bb4 9. Qd3 a6 10. Na3 d5 11. O-O-O Ne5 12. Qd4 Bxc3 13. Qxc3 Nxe4 14. Qb4
Ng4 15. Bb6 Ngxf2 16. Bb5+ axb5 17. Nxb5 Qf4+ 18. Kb1 Rxa4 19. Qb3 Qc1+ 0-1

[Event "Chigorin Memorial"]
[Site "St Petersburg"]
[Date "2016.10.18"]
[Round "4.59"]
[White "Sutormin, Danila"]
[Black "Ungurs, Edgars"]
[Result "1-0"]
[WhiteElo "2363"]
[BlackElo "2140"]
[PlyCount "55"]
[EventDate "2016.10.15"]
[EventType "swiss"]
[EventRounds "9"]
[EventCountry "RUS"]

1. e4 d5 2. exd5 Qxd5 3. Nc3 Qd6 4. d4 Nf6 5. Bd3 c6 6. Nge2 Bg4 7. f3 Bh5 8.
Bf4 Qd8 9. Qd2 e6 10. O-O-O Bd6 11. Be5 Bg6 12. Nf4 Bxd3 13. Nxd3 O-O 14. h4 b5
15. h5 Nd5 16. Ne4 Be7 17. g4 Nd7 18. g5 N7b6 19. g6 Nc4 20. h6 fxg6 21. Qh2
Rf5 22. hxg7 Rh5 23. Qg3 Rxh1 24. Rxh1 Nce3 25. Qh3 h5 26. Qxe6+ Kh7 27. Qf7
Kh6 28. Nf4 1-0

[Event "Chigorin Memorial"]
[Site "St Petersburg"]
[Date "2016.10.18"]
[Round "4.60"]
[White "Scott, Gordon W"]
[Black "Ofitserian, Boris"]
[Result "0-1"]
[WhiteElo "2168"]
[BlackElo "2351"]
[PlyCount "90"]
[EventDate "2016.10.15"]
[EventType "swiss"]
[EventRounds "9"]
[EventCountry "RUS"]

1. d4 Nf6 2. c4 c5 3. Nf3 g6 4. Nc3 Bg7 5. d5 O-O 6. e4 d6 7. h3 e6 8. Bd3 exd5
9. exd5 Re8+ 10. Be3 Na6 11. O-O Nc7 12. a4 Na6 13. Qd2 Nb4 14. Bb1 Bd7 15. Ra3
Qe7 16. Bf4 Qf8 17. Ng5 Nh5 18. Nce4 Nxf4 19. Qxf4 h6 20. Nxf7 Qxf7 21. Qxf7+
Kxf7 22. Nxd6+ Kg8 23. Nxe8 Bxe8 24. Rg3 Bxa4 25. Bxg6 Be8 26. Bf5 Bf7 27. Re1
Re8 28. Rxe8+ Bxe8 29. d6 Nc6 30. Bc8 b6 31. d7 Bf7 32. Ba6 Kf8 33. Rf3 Ke7 34.
Bb5 Nd8 35. Ra3 a5 36. Re3+ Be6 37. b3 Bd4 38. Rg3 Bxd7 39. Rg6 Bxb5 40. cxb5
Ne6 41. Rxh6 c4 42. Rh7+ Bg7 43. bxc4 a4 44. c5 a3 45. Rh4 Nxc5 0-1

[Event "Chigorin Memorial"]
[Site "St Petersburg"]
[Date "2016.10.18"]
[Round "4.61"]
[White "Chashchev, Sergey"]
[Black "Ivanov, Sergei V"]
[Result "0-1"]
[WhiteElo "2349"]
[BlackElo "2093"]
[PlyCount "144"]
[EventDate "2016.10.15"]
[EventType "swiss"]
[EventRounds "9"]
[EventCountry "RUS"]

1. Nf3 Nf6 2. g3 g6 3. Bg2 Bg7 4. O-O O-O 5. d4 d6 6. c4 Nc6 7. Nc3 Rb8 8. h3
Bf5 9. d5 Na5 10. Nd4 Bd7 11. Qd3 c5 12. Nc2 a6 13. e3 b5 14. b3 Qc8 15. Kh2
bxc4 16. bxc4 Rb4 17. Nxb4 cxb4 18. Ne2 Ng4+ 19. hxg4 Bxa1 20. Bd2 Bf6 21. Bxb4
Nxc4 22. f4 Bb5 23. g5 Ne5 24. Qd2 Nc4 25. Qc1 Bb2 26. Qc2 Ba3 27. Bxa3 Nxa3
28. Qd2 Qc2 29. Rd1 Qxd2 30. Rxd2 Nc4 31. Rd4 Nxe3 32. Re4 Nxd5 33. a4 Bc6 34.
Nd4 Ba8 35. Re1 e6 36. Rc1 Rb8 37. Nc6 Bxc6 38. Rxc6 Rb2 39. Kg1 Ne3 40. Bf3 d5
41. Rxa6 Ra2 42. g4 Kg7 43. Ra7 d4 44. Be4 Ra3 45. a5 d3 46. Rd7 Rxa5 47. Rxd3
Nxg4 48. Bf3 Ne5 49. fxe5 Rxe5 50. Rd7 Rxg5+ 51. Kf2 h5 52. Rb7 Ra5 53. Bc6 g5
54. Be8 Rf5+ 55. Kg2 Kg6 56. Re7 Rf6 57. Kg3 Kg7 58. Bc6 Rf5 59. Rb7 Kh6 60.
Be8 Kg6 61. Re7 Rf6 62. Kg2 g4 63. Kg3 Rf3+ 64. Kg2 Kg7 65. Rb7 h4 66. Bd7 Kg6
67. Bc6 Rf4 68. Be8 g3 69. Rb2 Kg5 70. Kh3 f5 71. Rb7 Rf2 72. Rg7+ Kf4 0-1

[Event "Chigorin Memorial"]
[Site "St Petersburg"]
[Date "2016.10.18"]
[Round "4.62"]
[White "Dilmukhametov, Artur"]
[Black "Malinovsky, Ilya"]
[Result "1-0"]
[WhiteElo "2347"]
[BlackElo "2053"]
[PlyCount "73"]
[EventDate "2016.10.15"]
[EventType "swiss"]
[EventRounds "9"]
[EventCountry "RUS"]

1. e4 e6 2. d4 d5 3. Nd2 Nf6 4. e5 Nfd7 5. Bd3 c5 6. c3 Nc6 7. Ne2 cxd4 8. cxd4
a5 9. O-O Nb6 10. a3 a4 11. Nf3 h6 12. Nc3 Bd7 13. Bc2 Be7 14. Be3 Kf8 15. Nd2
Qe8 16. f4 g6 17. g4 f5 18. exf6 Bxf6 19. Nf3 Nc4 20. Bf2 Ne7 21. Ne5 b5 22.
Rb1 Kg7 23. Qe2 Rf8 24. Bg3 Bxe5 25. fxe5 Rxf1+ 26. Rxf1 Qg8 27. Rf6 Rf8 28.
Qf2 Nxb2 29. h4 Nc4 30. Bf4 Rc8 31. Bxh6+ Kh8 32. Rf7 Nf5 33. Rxd7 Nb6 34. Rb7
Rxc3 35. gxf5 gxf5+ 36. Bg7+ Kh7 37. Bxf5+ 1-0

[Event "Chigorin Memorial"]
[Site "St Petersburg"]
[Date "2016.10.18"]
[Round "4.63"]
[White "Pogosian, Vladimir"]
[Black "Pershin, Denis"]
[Result "0-1"]
[WhiteElo "2159"]
[BlackElo "2345"]
[PlyCount "85"]
[EventDate "2016.10.15"]
[EventType "swiss"]
[EventRounds "9"]
[EventCountry "RUS"]

1. e4 c5 2. Nc3 Nc6 3. g3 g6 4. Bg2 Bg7 5. Nge2 d6 6. d3 e6 7. h4 h5 8. O-O
Nge7 9. Bg5 O-O 10. Qd2 Kh7 11. Rab1 Rb8 12. a3 b6 13. b4 Bb7 14. Nd1 Qd7 15.
Be3 Nd4 16. Nf4 e5 17. Nd5 f5 18. c3 Nxd5 19. exd5 f4 20. Bxd4 exd4 21. gxf4
Bh6 22. Qe2 Rbe8 23. Be4 Bxd5 24. f3 Bf7 25. c4 Bxf4 26. bxc5 dxc5 27. Qg2 Qe7
28. a4 Qxh4 29. a5 Re5 30. Rf2 Rg5 31. Kf1 Rxg2 32. Rxg2 Bc7 33. axb6 Bxb6 34.
Nf2 Kh6 35. Ke2 Qf4 36. Rh1 Be8 37. Kf1 a5 38. Rhg1 Rf6 39. Rh1 Re6 40. Ng4+
Kg7 41. Nf2 a4 42. Nd1 a3 43. Rc2 0-1

[Event "Chigorin Memorial"]
[Site "St Petersburg"]
[Date "2016.10.18"]
[Round "4.64"]
[White "Timerkhanov, Alexander"]
[Black "Hong, Xing"]
[Result "1-0"]
[WhiteElo "2340"]
[BlackElo "2013"]
[PlyCount "99"]
[EventDate "2016.10.15"]
[EventType "swiss"]
[EventRounds "9"]
[EventCountry "RUS"]

1. d4 c5 2. d5 e5 3. e4 d6 4. Bb5+ Nd7 5. a4 a6 6. Bd3 Be7 7. Nf3 Ngf6 8. Nc3
h6 9. Nd2 Nh7 10. a5 Bg5 11. Nc4 Qc7 12. Na4 O-O 13. O-O Re8 14. c3 Rb8 15. b4
cxb4 16. cxb4 Ndf6 17. Be3 Bxe3 18. Nxe3 Qe7 19. Rc1 Nf8 20. Nb6 Ng6 21. f3 Nh5
22. g3 Qg5 23. Kf2 Bh3 24. Re1 Nhf4 25. Bf1 Bxf1 26. Rxf1 Nh3+ 27. Ke2 h5 28.
Qd2 Ngf4+ 29. Kd1 Ng6 30. Nf5 Qd8 31. Qg2 Ng5 32. h4 Nh7 33. Qc2 Ne7 34. Ne3
Nc8 35. Qc7 Qxc7 36. Rxc7 Nxb6 37. axb6 Nf6 38. Kd2 Red8 39. Nf5 Nd7 40. Nxd6
Nxb6 41. Nxf7 Na8 42. Re7 Kf8 43. Nxd8 Kxe7 44. Ne6 g6 45. f4 Kd6 46. Nc5 Nb6
47. Kd3 a5 48. fxe5+ Kxe5 49. bxa5 Rc8 50. Rc1 1-0

[Event "Chigorin Memorial"]
[Site "St Petersburg"]
[Date "2016.10.18"]
[Round "4.65"]
[White "Martynyuk, Elizaveta"]
[Black "Yatzenko, Anton"]
[Result "0-1"]
[WhiteElo "2151"]
[BlackElo "2339"]
[PlyCount "113"]
[EventDate "2016.10.15"]
[EventType "swiss"]
[EventRounds "9"]
[EventCountry "RUS"]

1. e4 g6 2. d4 Bg7 3. Nc3 d5 4. e5 Nh6 5. Bg5 f6 6. exf6 exf6 7. Bf4 O-O 8. Qd2
Re8+ 9. Be2 g5 10. Bg3 Nf5 11. O-O-O Nc6 12. Bh5 Rf8 13. Nge2 a6 14. f4 b5 15.
Bf3 Be6 16. Bf2 Nd6 17. Qe3 Re8 18. Bh5 Nc4 19. Qf3 Qd6 20. Rd3 Red8 21. f5 Bc8
22. a3 b4 23. Nb1 bxa3 24. Nxa3 Rb8 25. Nxc4 dxc4 26. Ra3 Ne7 27. Qc3 Nxf5 28.
Qxc4+ Be6 29. Qxa6 Rb6 30. Qa5 Rdb8 31. b3 Bf8 32. Ra4 Rb5 33. Qc3 Bd5 34. Bf3
Bf7 35. Bc6 Rb4 36. Rxb4 Rxb4 37. g4 Ne7 38. Be4 Nd5 39. Qd3 Rb8 40. Kd2 Re8
41. Ra1 Nf4 42. Bxh7+ Kg7 43. Nxf4 Qxf4+ 44. Be3 Qxh2+ 45. Kc3 Qxh7 46. Ra7
Qxd3+ 47. Kxd3 Bg6+ 48. Kd2 Bb4+ 49. c3 Bxc3+ 50. Kxc3 Rxe3+ 51. Kc4 Bf7+ 52.
d5 Re4+ 53. Kc5 Re5 54. Rxc7 Rxd5+ 55. Kc6 Rd4 56. Kc5 Rxg4 57. b4 0-1

[Event "Chigorin Memorial"]
[Site "St Petersburg"]
[Date "2016.10.18"]
[Round "4.66"]
[White "Palchun, Grigory"]
[Black "Zavgorodniaya, Alena"]
[Result "1-0"]
[WhiteElo "2336"]
[BlackElo "2011"]
[PlyCount "127"]
[EventDate "2016.10.15"]
[EventType "swiss"]
[EventRounds "9"]
[EventCountry "RUS"]

1. e4 e5 2. Nf3 Nc6 3. Bb5 a6 4. Ba4 Nf6 5. O-O Be7 6. Re1 b5 7. Bb3 d6 8. c3
O-O 9. h3 Na5 10. Bc2 c5 11. d4 Qc7 12. Nbd2 cxd4 13. cxd4 Nc6 14. Nb3 a5 15.
Be3 a4 16. Nbd2 Bd7 17. Rc1 Qb7 18. a3 Rfe8 19. Nb1 b4 20. d5 Na5 21. Bd2 Nc4
22. Bxb4 Nxb2 23. Qd2 Bb5 24. Qc3 Nc4 25. Nfd2 Nb6 26. Qe3 Rec8 27. Nc3 Be8 28.
Bd3 Nfd7 29. Nb5 Rxc1 30. Rxc1 Rc8 31. Nb1 Rxc1+ 32. Qxc1 Nc8 33. Qc7 Qb8 34.
N1c3 Kf8 35. Nxa4 Qxc7 36. Nxc7 Nc5 37. Nxc5 dxc5 38. Bc3 Bd6 39. Nxe8 Kxe8 40.
Ba6 Nb6 41. Ba5 Bc7 42. d6 Bd8 43. Bb5+ Kf8 44. Kf1 f6 45. Ke2 Kf7 46. Bd7 Nxd7
47. Bxd8 Ke6 48. Bc7 c4 49. a4 Nc5 50. a5 Kd7 51. f3 Kc6 52. Kd2 Kb5 53. Kc2
Nd7 54. Kc3 Nf8 55. Bd8 Nd7 56. a6 Kxa6 57. Kxc4 Kb7 58. Kd5 Nf8 59. Be7 Nd7
60. Ke6 Kc6 61. g4 g6 62. Bxf6 Nc5+ 63. Ke7 Nd7 64. g5 1-0